Internet yellow pages..
| Format: | Book |
|---|---|
| Published: |
Foster City:
DG Books Worldwide,
1995.
|
| Subjects: |
| LEADER | 00483cam a2200169 7i4500 | ||
|---|---|---|---|
| 001 | 0000003961 | ||
| 005 | 19991025090000.0 | ||
| 002 | ##000005397 | ||
| 020 | 0 | 0 | |a 1-56884-343-7# |
| 090 | 0 | 0 | |a 004.6025 |b INT |
| 245 | 0 | 0 | |a Internet yellow pages.. |
| 260 | 0 | 0 | |a Foster City: |b DG Books Worldwide, |c 1995. |
| 300 | 0 | 0 | |a 908 p.. |
| 500 | 0 | 0 | |a Includes CD-ROM |
| 650 | 0 | 0 | |a Internet -- |x Directories -- |x Yellow pages |
| 700 | 0 | 0 | |h Gregory B. |
| 999 | |a 0000006485 |b Book |c Open shelf |e Business Information Centre | ||


